Evolución del clima a través de la historia de la tierra = Climate evolution across the earth's history /
Сохранить в:
| Главный автор: | |
|---|---|
| Другие авторы: | , , |
| Формат: | Текст |
| Метки: |
Добавить метку
Нет меток, Требуется 1-ая метка записи!
|
MARC
| LEADER | 00000 a a2200000 04500 | ||
|---|---|---|---|
| 001 | 47331 | ||
| 003 | |||
| 040 | |||
| 100 | |a Sánchez-Santillán, Norma | ||
| 245 | |a Evolución del clima a través de la historia de la tierra = |b Climate evolution across the earth's history / |c Norma Sánchez-Santillán, Rubén Sánchez-Trejo, Guadalupe de la Lanza Espino, René Garduño | ||
| 700 | |a Sánchez-Trejo, Rubén | ||
| 700 | |a Lanza Espino, Guadalupe de la | ||
| 700 | |a Garduño, René | ||
| 773 | |g volumen93, número1, (2014), páginas 121-132 | ||
| 999 | |c 29037 |d 29037 | ||
